60 Second Blitz: Countries Quiz Stats

 Plays Quiz Updated Feb 13, 2019

     
Support Sporcle.
Go Orange.
Score 0/197 Timer 01:00
0 Plays Today
Country % Correct
United States
85.9%
France
71.6%
United Kingdom
71.5%
Canada
70%
China
67.2%
Mexico
63.1%
Spain
60.8%
Germany
58%
Japan
56.1%
Russia
55.9%
Italy
53.2%
Brazil
49.6%
Ireland
45.2%
Sweden
41.3%
Chile
39.3%
India
39.1%
Peru
38.9%
Norway
37%
Portugal
36.6%
Iran
36.1%
Iraq
36.1%
Finland
35.1%
Australia
33.5%
Iceland
32.2%
Argentina
31.7%
Cuba
30%
Greece
28.3%
Denmark
27.1%
Egypt
26.7%
Poland
26.5%
United Arab Emirates
26.5%
Austria
24.8%
Chad
24.3%
South Africa
21.1%
Fiji
20.1%
Turkey
19.9%
South Korea
19.7%
Laos
19.3%
Niger
19.1%
Togo
18.9%
Oman
18.8%
Haiti
18.3%
North Korea
18.3%
Belgium
17.5%
Israel
17.3%
Yemen
17.1%
New Zealand
16.7%
Mali
16.7%
Panama
16.6%
Latvia
15.7%
Nigeria
15.2%
Colombia
15.2%
Ukraine
15.1%
Belize
14.8%
Vietnam
14.4%
Sudan
14.1%
Bolivia
13.9%
Netherlands
13.7%
Switzerland
13.5%
Estonia
13.4%
Ghana
13.4%
Thailand
13.2%
Jamaica
13.1%
Libya
13.1%
Uruguay
12.9%
Nepal
12.7%
Country % Correct
Malta
12.6%
Benin
12.6%
Ecuador
12.6%
Dem. Rep. of the Congo
12.5%
Paraguay
12.5%
Central African Republic
12.5%
Kenya
12.4%
Hungary
12.3%
Tonga
12.1%
Mongolia
12.1%
Jordan
11.9%
Andorra
11.9%
Syria
11.5%
Pakistan
11.4%
Qatar
11.3%
Algeria
11%
Honduras
10.6%
Venezuela
10.5%
Indonesia
10.3%
Lithuania
10.1%
Samoa
9.9%
Taiwan
9.9%
Monaco
9.9%
Vatican City
9.8%
Costa Rica
9.7%
Morocco
9.6%
Cyprus
9.3%
Guatemala
9.3%
Albania
9%
Nauru
8.8%
Palau
8.7%
Belarus
8.7%
Cambodia
8.5%
Romania
8.5%
Serbia
8.2%
Dominica
8.2%
Croatia
7.8%
Kuwait
7.7%
Saudi Arabia
7.6%
Bhutan
7.6%
Bahamas
7.3%
Afghanistan
7.3%
Slovakia
7.1%
Lebanon
7%
Gabon
7%
Nicaragua
6.7%
Guyana
6.6%
Uganda
6.5%
Angola
6.5%
Slovenia
6.4%
El Salvador
6.4%
Bulgaria
6.4%
Tunisia
6.3%
Malawi
6.1%
Sri Lanka
6.1%
Guinea
6%
Suriname
6%
Tuvalu
5.7%
Malaysia
5.7%
Ethiopia
5.6%
Kosovo
5.6%
Singapore
5.5%
Rwanda
5.5%
Georgia
5.4%
The Gambia
5.4%
Bahrain
5.3%
Country % Correct
Myanmar
5.3%
San Marino
5.2%
Liberia
5.1%
Somalia
5.1%
Lesotho
5%
Luxembourg
5%
Zambia
4.9%
Brunei
4.9%
Czechia
4.8%
Armenia
4.7%
Moldova
4.6%
Palestine
4.4%
Philippines
4.3%
Madagascar
4.3%
Vanuatu
3.9%
Zimbabwe
3.8%
Cameroon
3.8%
Dominican Republic
3.8%
Kiribati
3.7%
Eritrea
3.6%
Barbados
3.6%
Senegal
3.5%
Namibia
3.5%
Bangladesh
3.4%
North Macedonia
3.1%
Maldives
3.1%
Burundi
3.1%
Botswana
3%
Djibouti
2.9%
Tanzania
2.9%
Grenada
2.7%
Eswatini
2.6%
South Sudan
2.6%
Comoros
2.5%
St Lucia
2.3%
Montenegro
2.2%
Cote d'Ivoire
2.2%
Azerbaijan
2%
Kazakhstan
1.9%
Liechtenstein
1.9%
Seychelles
1.7%
Rep. of the Congo
1.7%
Guinea-Bissau
1.7%
Timor-Leste
1.7%
Mozambique
1.7%
Mauritania
1.5%
St Kitts & Nevis
1.5%
Uzbekistan
1.4%
Burkina Faso
1.4%
Micronesia
1.4%
Sierra Leone
1.4%
Trinidad & Tobago
1.3%
Papua New Guinea
1.2%
Cabo Verde
1.2%
Turkmenistan
1%
Bosnia and Herzegovina
1%
Mauritius
1%
Antigua & Barbuda
0.9%
Saint Vincent & the Grenadines
0.9%
Solomon Islands
0.9%
Tajikistan
0.9%
Kyrgyzstan
0.8%
Marshall Islands
0.8%
Sao Tome & Principe
0.6%
Equatorial Guinea
0.6%

From the Vault

'H' Books by Opening Lines

by metashades

All of these books start with the letter 'H', but we won't hold it against them.
Remove Ads.
Support Sporcle.
Get the best of Sporcle when you Go Orange. This ad-free experience offers more features, more stats, and more fun while also helping to support Sporcle. Thank you for becoming a member.

Show Comments

Extras

Top Quizzes Today


Score Distribution

Your Account Isn't Verified!

In order to create a playlist on Sporcle, you need to verify the email address you used during registration. Go to your Sporcle Settings to finish the process.

Report this User

Report this user for behavior that violates our Community Guidelines.

Details: